000 00456nam a22001697a 4500
020 _a81-239-0348-0
082 _a030
_bSHA/D
100 _aSHARMA , J,L
100 _aKADIAN, R.K
245 _a A DICTIONARY OF ENVIRONMENT
_bSOCIAL SCIENCE
246 _a A DICTIONARY OF ENVIRONMENT
_bSOCIAL SCIENCE
260 _aDELHI
_bCBS PUBLISHERS & DISTRIBUTORS(P) LTD
_c1994
300 _a370
520 _aSOCIAL SCIENCE
650 _aSOCIAL SCIENCE
942 _cBK
999 _c1497
_d1497